Quelle marque de produits liés à la maison utilise ce slogan ? - Statistiques

Statistiques générales
  • Ce quiz a été pris 11 fois
  • Le résultat moyen est 8 sur 40
Statistiques - réponses
Slogan Indice Marque % Correct
A la maison, tout est possible I Ikea
67%
Ouvrez la porte sur l'endroit où tout commence I Ikea
67%
Place à la vie ! I Ikea
67%
Chez moi, je suis moi MDM Maison du Monde
67%
Des cuisines qui donnent envie C Cuisinella
56%
et vos envies prennent Vie ! LM Leroy Merlin
56%
Vos envies sans attendre B But
44%
Le juste prix B But
44%
Choisissez bien, choisissez *** B But
44%
Le pays où la vie est moins chère C Conforama
33%
Nous faisons grand cas de votre confiance KPK K par K
33%
Des cuisines pour la vie M Mobalpa
33%
Bien plus qu'un canapé CC Cuir Center
22%
Le savoir bien faire L Lapeyre
22%
Nous sommes les artisans de la qualité P Poltronesofa
22%
La vraie vie commence à l'intérieur RB Roche Bobois
22%
Au cœur de la maison S Schmidt
22%
On est libre d'avoir des idées A Alinéa
11%
Bien plus que la déco C Centrakor
11%
Le design accessible CDA Château d'Ax
11%
Renaître chaque matin E Epeda
11%
*** Changez d'air F Fly
11%
Un point c’est tout F Fly
11%
Oui à vos rêves I Ixina
11%
L’innovation au service de la tradition A&F Art & Fenêtres
0%
Les décorateurs du foyer B Brisach
0%
Changeons le monde de l'intérieur C Camif
0%
La signature de mon confort CP Cheminées Philippe
0%
Expert de vos nuits FL France Literie
0%
Votre espace en plus GR Gustave Rideau
0%
Le design est notre ami H Habitat
0%
Pensé pour la vie L Lafuma
0%
*** se plie à vos envies LMDC La Maison du convertible
0%
Meubles, objets, textiles et délires pour la maison LR Ligne Roset
0%
Évidences intérieures MM Monsieur Meuble
0%
Créateur d'atmosphères PI Pier Import
0%
Des cuisinistes pas comme les autres SC SoCoo'c
0%
Rien à faire c'est *** S Somfy
0%
Reposez-vous sur nous T Tediber
0%
***, la solide cuisine des Vosges V Vogica
0%
Aucun quiz correspondant
Distribution des résultats
% des personnes avec chaque résultat
Percentile par nombre de réponses
Votre historique - résultats
Vous n’avez pas pris ce quiz